MARC details
| 000 -LEADER |
| campo de control de longitud fija |
01427nam a2200421L 4500 |
| 001 - NÚMERO DE CONTROL |
| campo de control |
41440 |
| 005 - FECHA Y HORA DE LA ÚLTIMA TRANSACCIÓN |
| campo de control |
20230411085956.0 |
| 008 - DATOS DE LONGITUD FIJA--INFORMACIÓN GENERAL |
| campo de control de longitud fija |
900313s1989 xxu r i000 0 eng d |
| 035 ## - NÚMERO DE CONTROL DEL SISTEMA |
| Número de control de sistema |
(OCoLC)ocn123381221 |
| 040 ## - FUENTE DE CATALOGACIÓN |
| Centro catalogador/agencia de origen |
NNUN |
| Centro/agencia transcriptor |
NYDRD |
| 020 ## - NÚMERO INTERNACIONAL ESTÁNDAR DEL LIBRO |
| Número Internacional Estándar del Libro |
9211260167 |
| 020 ## - NÚMERO INTERNACIONAL ESTÁNDAR DEL LIBRO |
| Número Internacional Estándar del Libro |
9789211260168 |
| 035 ## - NÚMERO DE CONTROL DEL SISTEMA |
| Número de control de sistema |
(OCoLC)123381221 |
| 037 ## - FUENTE DE ADQUISICIÓN |
| Número de adquisición |
89.III.B.7 |
| Fuente del número de adquisición |
United Nations Publications, Room DC2-0853, Dept. I004, New York, N.Y. 10017 |
| 084 ## - OTRO NÚMERO DE CLASIFICACIÓN |
| Número de clasificación |
DHL UNDP(02)/E28 |
| Fuente del número |
z |
| 086 ## - NÚMERO DE CLASIFICACIÓN PARA DOCUMENTOS GUBERNAMENTALES |
| Número de clasificación |
Unsymbolled |
| Fuente del número |
undoc |
| 049 ## - FONDOS LOCALES (OCLC) |
| Biblioteca depositaria |
GRAL |
| 245 00 - MENCIÓN DEL TÍTULO |
| Título |
Education and training in the 1990s : |
| Resto del título |
developing countries' needs and strategies / |
| Mención de responsabilidad, etc. |
Education Development Center. |
| 260 ## - PUBLICACIÓN, DISTRIBUCIÓN, ETC. |
| Lugar de publicación, distribución, etc. |
New York : |
| Nombre del editor, distribuidor, etc. |
UNDP, |
| Fecha de publicación, distribución, etc. |
1989. |
| 300 ## - DESCRIPCIÓN FÍSICA |
| Extensión |
234 p. : |
| Otras características físicas |
tables. |
| 440 #0 - MENCIÓN DE SERIE/PUNTO DE ACCESO ADICIONAL--TÍTULO |
| Título |
UNDP policy discussion paper |
| 500 ## - NOTA GENERAL |
| Nota general |
Bibliography: p. 163-176. |
| 500 ## - NOTA GENERAL |
| Nota general |
UN sales no.: 89.III.B.7. |
| 500 ## - NOTA GENERAL |
| Nota general |
Material type: Sales publications (UN). |
| 506 ## - NOTA DE RESTRICCIONES AL ACCESO |
| Limitaciones de acceso |
Distribution: General (not for deposit). |
| 610 27 - PUNTO DE ACCESO ADICIONAL DE MATERIA--NOMBRE DE ENTIDAD CORPORATIVA |
| Nombre de entidad corporativa o nombre de jurisdicción como elemento de entrada |
UNDP. |
| Fuente del encabezamiento o término |
unbisn |
| 650 07 - PUNTO DE ACCESO ADICIONAL DE MATERIA--TÉRMINO DE MATERIA |
| Término de materia o nombre geográfico como elemento de entrada |
EDUCATION. |
| Fuente del encabezamiento o término |
unbist |
| 650 07 - PUNTO DE ACCESO ADICIONAL DE MATERIA--TÉRMINO DE MATERIA |
| Término de materia o nombre geográfico como elemento de entrada |
TRAINING PROGRAMMES. |
| Fuente del encabezamiento o término |
unbist |
| 650 07 - PUNTO DE ACCESO ADICIONAL DE MATERIA--TÉRMINO DE MATERIA |
| Término de materia o nombre geográfico como elemento de entrada |
MANPOWER PLANNING. |
| Fuente del encabezamiento o término |
unbist |
| 650 07 - PUNTO DE ACCESO ADICIONAL DE MATERIA--TÉRMINO DE MATERIA |
| Término de materia o nombre geográfico como elemento de entrada |
MANPOWER DEVELOPMENT. |
| Fuente del encabezamiento o término |
unbist |
| 650 07 - PUNTO DE ACCESO ADICIONAL DE MATERIA--TÉRMINO DE MATERIA |
| Término de materia o nombre geográfico como elemento de entrada |
EDUCATIONAL TECHNOLOGY. |
| Fuente del encabezamiento o término |
unbist |
| 650 07 - PUNTO DE ACCESO ADICIONAL DE MATERIA--TÉRMINO DE MATERIA |
| Término de materia o nombre geográfico como elemento de entrada |
TECHNICAL TRAINING. |
| Fuente del encabezamiento o término |
unbist |
| 650 07 - PUNTO DE ACCESO ADICIONAL DE MATERIA--TÉRMINO DE MATERIA |
| Término de materia o nombre geográfico como elemento de entrada |
TECHNICAL COOPERATION. |
| Fuente del encabezamiento o término |
unbist |
| 710 2# - ENTRADA AGREGADA--NOMBRE DE ENTIDAD CORPORATIVA |
| Nombre de entidad corporativa o nombre de jurisdicción como elemento de entrada |
UNDP. |
| 710 2# - ENTRADA AGREGADA--NOMBRE DE ENTIDAD CORPORATIVA |
| Nombre de entidad corporativa o nombre de jurisdicción como elemento de entrada |
Education Development Center (Newton, Mass.) |
| 942 ## - ELEMENTOS DE ENTRADA SECUNDARIOS (KOHA) |
| Fuente del sistema de clasificación o colocación |
Clasificación de Library of Congress |
| Tipo de ítem Koha |
|
| 994 ## - |
| -- |
C0 |
| -- |
DRFGD |